Normal view
MARC view
Entry Personal Name
001 - CONTROL NUMBER
- control field: 7286
003 - CONTROL NUMBER IDENTIFIER
- control field: BD-RjUL
005 - DATE AND TIME OF LATEST TRANSACTION
- control field: 20230406101152.0
008 - FIXED-LENGTH DATA ELEMENTS
- fixed length control field: 230406|| aca||aabn | a|a d
040 ## - CATALOGING SOURCE
- Original cataloging agency: BD-RjUL
- Transcribing agency: BD-RjUL
100 ## - HEADING--PERSONAL NAME
- Personal name: Hanover, House of
670 ## - SOURCE DATA FOUND
- Source citation: Work cat.: (BD-RjUL)65413: Robertson, Charles Grant, Sir, 1869-1948. 193590, England under the Hanoverians /, 1911 [reprinted1953, 1962]